| 000 | 00544nam a2200133Ia 4500 | ||
|---|---|---|---|
| 008 | 171207s9999 xx 000 0 und d | ||
| 100 | _aPeterson, Robin L. | ||
| 245 | _aCognitive Prediction of Reading, Math, and Attention: Shared and Unique Influences | ||
| 245 | _cRobin L. Peterson, Richard Boada, Lauren M. McGrath, Erik G. Willcutt, Richard K. Olson, Bruce F. Pennington | ||
| 260 | _c2017 | ||
| 300 | _apages 408-21, July/August 2017 | ||
| 440 |
_aJournal of Learning Disabilities _v50:4 |
||
| 650 | _aEXECUTIVE FUNCTION, ACADEMIC SKILL | ||
| 999 |
_c347559 _d347559 |
||